000
00330nam a2200157Ia 4500
003
IT-RoPAU
008
120407s9999 xx 000 0 und d
040
_a
IT-RoPAU
040
_c
IT-RoPAU
100
_a
Thomas B. Bottomore
245
_a
Sociologia
250
_a
Bologna
260
_a
Il Mulino
300
_c
cm
942
_c
BK
999
_c
6907
_d
6907